000 nam a22 a 4500
999 _c1438
_d1438
003 AKMAL
005 20170509151208.0
008 170509s1998 my 00 may d
020 _a9835200971 (kkt.):
_cRM 25.00
039 9 _a200804151039
_bninaliza
_c200804091807
_danizam
_c200505191228
_dmariati
040 _aAKMAL
_cAKMAL
049 0 0 _aklpmal
082 0 4 _a302.35 ADL
_221
090 0 0 _a302.35
_bADL
090 2 0 _a302.35
_bADL
100 1 _aAdler, Nancy J.
_92841
245 1 0 _aDimensi antarabangsa tabiat organisasi /
_cNancy J.Adler ; penterjemah Ahmad Zaidi Bahari, Wan Khairuzzaman Wan Ismail
260 _aSkudai, Johor :
_bPenerbit UTM,
_c1998
270 _aPenerbit Universiti Teknologi Malaysia
_aNo.34-38, Jalan Kebudayaan 1, Taman Universiti,
_bJohor
_cSkudai
_e81300
_k6-07-5218132
_l6-07-5218174
_mwww.utm.my
_pYosman b. Mohd Bain
300 _axviii, 352ms. :
_bil. ;
_c21cm.
500 _aTerjemahan dari: International dimensions of organizational behavior
504 _aMengandungi rujukan bibliografi
650 0 _aOrganizational behaviour
_xCross-cultural studies
_92842
650 0 _aOrganizational behavior
_9565
700 0 _aAhamad Zaidi Bahari
_92843
700 0 _aWan Khairuzzaman Wan Ismail
_92844
942 _2ddc
_cBOOK